000 00841nam a2200217 i 4500
001 20550
003 ES-MaACL
005 20230906152326.0
007 t|
008 021114s1953 mr ||||1| spa d
080 _a94(64 Tetuán)
100 1 _aAhmad, R'Honi.
_918941
245 1 0 _aHistoria de Tetuán /
_cAhmad R'Honi ; escrita en árabe por el sabio Alfaquih Sidi y traducida por Mohammad ibn Azzuz Haquin.
260 _aTetuán :
_bEditorial Marroquí,
_c1953 (
_fCremades)
300 _a233 p. ;
_c24 cm.
500 _aPrecede al tít.: Instituto General Franco de Estudios e Investigación Hispano-Arabe.
651 4 _aTetuán-
_xHistoria.
_9143732
700 0 _aIbn Azzuz HaKim, Mohammad.
_965006
710 2 _aInstituto General Franco de Estudios e Investigación Hispano-Árabe.
_9149197
852 _aES-MaACL
_jC-10197
_bR.38830
999 _c20550
_d20550